| 000 | 00000nam 2200000zi 4500 |
| 001 | 9.926883 |
| 003 | CaOODSP |
| 005 | 20250113144238 |
| 006 | m o d f |
| 007 | cr bn||||||||| |
| 008 | 230901s1972####onc o f00| 0|fre d |
| 040 | |aCaOODSP|bfre|cCaOODSP|erda |
| 043 | |an-cn-qu |
| 086 | 1 |aRE22-402/1972F-PDF |
| 245 | 00|aBase militaire de la Macaza / |cRaymond, Joyal & Associés. |
| 264 | 1|a[Ottawa]: |bMinistère de l'expansion économique régionale, |c1972. |
| 300 | |a1 ressource en ligne (3 volumes (pagination multiple)) |
| 336 | |atexte|btxt|2rdacontent/fre |
| 337 | |ainformatique|bc|2rdamedia/fre |
| 338 | |aressource en ligne|bcr|2rdacarrier/fre |
| 500 | |aÉdition numérisée de l'imprimé [par Innovation, Sciences et Développement économique Canada]. |
| 500 | |a« Notre dossier : 1230. » |
| 500 | |aPublié aussi en anglais sous le titre : La Macaza military base. |
| 650 | 6|aBases militaires|zQuébec (Province)|zLa Macaza. |
| 710 | 1 |aCanada. |bMinistère de l'expansion économique régionale, |eorganisme de publication. |
| 775 | 08|tLa Macaza military base / |w(CaOODSP)9.946728 |
| 856 | 40|qPDF|s2.34 Mo|uhttps://publications.gc.ca/collections/collection_2025/isde-ised/re22/RE22-402-1972-1-fra.pdf|z(volume i) |
| 856 | 40|qPDF|s5.24 Mo|uhttps://publications.gc.ca/collections/collection_2025/isde-ised/re22/RE22-402-1972-2-fra.pdf|z(volume ii) |
| 856 | 40|qPDF|s3.49 Mo|uhttps://publications.gc.ca/collections/collection_2025/isde-ised/re22/RE22-402-1972-3-fra.pdf|z(volume iii) |